000 00715nam a2200181 a 4500
003 0
005 20250521142229.0
008 030519s19uu xx 00 eng d
050 _aPHS P 90
_b.H66 2003
100 _aHong, Sung Min.
245 _aPerception of fourth year HS students of Southville International School and Colleges about the future of the communication in the Philippines /
_cSung Min Hong.
260 _aLas PiƱas City, Philippines :
_bSouthville International School and Colleges,
_c2003.
300 _a29 pages :
_billustrations ;
_c28 cm.
504 _aIncludes bibliographical references.
650 _aCommunication
_xForecasting.
650 _aTechnological forecasting.
942 _2lcc
_cPASS
999 _c96788
_d96788